LexisNexis the companies act, 2013 (Act 18 of 2013) with rules and forms (Record no. 88735)

MARC details
000 -LEADER
fixed length control field 00659nam a22001937a 4500
005 - DATE AND TIME OF LATEST TRANSACTION
control field 20140922122422.0
010 ## - LCCN (DPL NO)
LC control number ENG-110893
020 ## - INTERNATIONAL STANDARD BOOK NUMBER
International Standard Book Number 9789351431824
Terms of availability 995.00
035 ## - SYSTEM CONTROL NUMBER
System control number EN-94425
037 ## - SOURCE OF ACQUISITION
Source of stock number/acquisition DBAD/PUB
082 ## - DEWEY DECIMAL CLASSIFICATION NUMBER
Classification number 346.54066
245 ## - TITLE STATEMENT
Title LexisNexis the companies act, 2013 (Act 18 of 2013) with rules and forms
250 ## - EDITION STATEMENT
Edition statement 2nd ed
260 ## - PUBLICATION, DISTRIBUTION, ETC. (IMPRINT)
Place of publication, distribution, etc Gurgaon
Name of publisher, distributor, etc Lexis Nexis
Date of publication, distribution, etc 2014
270 ## - ADDRESS
Address 14th Floor, Building No.10, Tower-B, DLF Cyber City, Phase-II
City Gurgaon
Postal code 122002
300 ## - PHYSICAL DESCRIPTION
Extent ix,1693p.
Dimensions 24cm(pbk)
500 ## - GENERAL NOTE
General note Key highlights and quick reference tables prepared by Vinod Kothari
942 ## - ADDED ENTRY ELEMENTS (KOHA)
Source of classification or shelving scheme Dewey Decimal Classification
Item type English Books
Call number suffix LEX
Classification part 346.54066
Holdings
Withdrawn status Lost status Not for loan Collection code Home library Current library Date acquired Source of acquisition Cost, normal purchase price Full call number Barcode Copy number Cost, replacement price Koha item type
    Not For Loan Non-fiction D.B.Act.Division D.B.Act.Division 17/09/2014 DBAD/PUB 995.00 346.54066 LEX EN-94425 1 995.00 English Books

© Delhi Public Library
Hit Counter
free hit counter